<?xml version="1.0" encoding="UTF-8"?>
<marc:record xmlns:marc="http://www.loc.gov/MARC21/slim">
   <marc:leader>00000nam a2200000 a 4500</marc:leader>
   <marc:datafield ind1="1" ind2=" " tag="100">
      <marc:subfield code="a">Leon, Donna</marc:subfield>
      <marc:subfield code="4">aut</marc:subfield>
      <marc:subfield code="e">Verfasser/-in</marc:subfield>
   </marc:datafield>
   <marc:datafield ind1="0" ind2="0" tag="245">
      <marc:subfield code="a">Backstage</marc:subfield>
   </marc:datafield>
   <marc:datafield ind1=" " ind2="1" tag="264">
      <marc:subfield code="b">Diogenes</marc:subfield>
      <marc:subfield code="c">2025</marc:subfield>
   </marc:datafield>
   <marc:datafield ind1="1" ind2=" " tag="520">
      <marc:subfield code="a">»Die Charaktere aus der Feder guter Autoren sind wie echte Menschen, nur echter«, sagt Donna Leon. Darum wohl ist ihr Leben auch so reich an Figuren, echten und erfundenen. In Backstage tritt eine bunte Truppe auf: das Rock-Genie Frank Zappa, Venedigs bekanntester Diamantenhändler, eine tollkühne Sexworkerin, ein cleverer Komponist, tragische Helden, bewunderte Kollegen und Kolleginnen. Donna Leon gestaltet diese Begegnungen zu funkelnden Geschichten.</marc:subfield>
   </marc:datafield>
   <marc:datafield ind1=" " ind2=" " tag="020">
      <marc:subfield code="a">9783257073270</marc:subfield>
      <marc:subfield code="9">9783257073270</marc:subfield>
   </marc:datafield>
</marc:record>
